[Event "CZE-chT2F 0910"]
[Site "Czech Republic"]
[Date "2010.04.18"]
[Round "11.6"]
[White "Belka, Lubomir"]
[Black "Dobes, Ludek"]
[Result "0-1"]
[WhiteElo "2000"]
[BlackElo "2070"]
[PlyCount "68"]
[EventDate "2009.10.18"]
[EventType "team-tourn"]
[EventRounds "11"]
[EventCountry "CZE"]
[SourceTitle "EXT 2012"]
[Source "ChessBase"]
[SourceDate "2011.11.24"]
[SourceVersion "1"]
[SourceVersionDate "2011.11.24"]
[SourceQuality "1"]
[WhiteTeam "Benesov"]
[BlackTeam "Poruba VOKD"]
[WhiteTeamCountry "CZE"]
[BlackTeamCountry "CZE"]

1. e4 c5 2. Bc4 e6 3. Nc3 d6 4. a3 Nf6 5. Nf3 Be7 6. 0-0 0-0 7. d4 d5 8. exd5 exd5 9. Be2 c4 10. b3 Nc6 11. Ne5 Be6 12. Nxc6 bxc6 13. Bf3 h6 14. Ne2 Bd6 15. b4 Qc7 16. Be3 Bf5 17. Qc1 Rfe8 18. c3 Be4 19. Bxe4 Rxe4 20. Kh1 Rae8 21. Ng1 Nh5 22. Bxh6 gxh6 23. Qxh6 Ng7 24. Qd2 Bf4 25. Qd1 Qd7 26. a4 a6 27. Qf3 Qf5 28. Ra2 Re1 29. Ra1 Rxa1 30. Rxa1 Bd2 31. Qg3 Qf4 32. Qxf4 Bxf4 33. Nf3 Re2 34. Kg1 Rc2 0-1

[Event "CZE-chT2F 0910"]
[Site "Czech Republic"]
[Date "2010.02.14"]
[Round "7.8"]
[White "Svancara, Petr"]
[Black "Belka, Lubomir"]
[Result "1/2-1/2"]
[WhiteElo "2169"]
[BlackElo "2000"]
[PlyCount "106"]
[EventDate "2009.10.18"]
[EventType "team-tourn"]
[EventRounds "11"]
[EventCountry "CZE"]
[SourceTitle "EXT 2012"]
[Source "ChessBase"]
[SourceDate "2011.11.24"]
[SourceVersion "1"]
[SourceVersionDate "2011.11.24"]
[SourceQuality "1"]
[WhiteTeam "Grygov II"]
[BlackTeam "Benesov"]
[WhiteTeamCountry "CSR"]
[BlackTeamCountry "CZE"]

1. e4 e5 2. Nc3 Nc6 3. g3 Bc5 4. Bg2 Nf6 5. Nge2 0-0 6. 0-0 a6 7. d3 h6 8. h3 d6 9. Kh2 Nh7 10. f4 exf4 11. Bxf4 Nd4 12. Nxd4 Bxd4 13. Qd2 c6 14. Rae1 Be6 15. b3 Qa5 16. Ne2 Qxd2 17. Bxd2 Bb6 18. Bc3 Bd8 19. Nf4 Bf6 20. d4 Rad8 21. Nh5 d5 22. e5 Be7 23. Nf4 Bc8 24. Ba5 Rde8 25. c4 g5 26. Nd3 Be6 27. c5 f5 28. Bc7 Rf7 29. Bd6 Nf8 30. b4 Ng6 31. Rf2 h5 32. Bf3 g4 33. Bd1 Bg5 34. hxg4 hxg4 35. Kg2 f4 36. gxf4 Bh4 37. Ref1 Bxf2 38. Rxf2 Bf5 39. e6 Rxe6 40. Ne5 Nxe5 41. dxe5 Rh7 42. Bc2 Bxc2 43. Rxc2 Reh6 44. Kg3 Rg7 45. f5 Rh3+ 46. Kg2 Re3 47. e6 Rh7 48. Rf2 Re4 49. a4 d4 50. Rd2 Rh3 51. Rf2 Rh7 52. Rd2 Rh3 53. Rf2 Rh7 1/2-1/2

[Event "CZE-chT2F 0910"]
[Site "Czech Republic"]
[Date "2009.12.06"]
[Round "4.7"]
[White "Gil, Karel"]
[Black "Belka, Lubomir"]
[Result "1-0"]
[WhiteElo "1979"]
[BlackElo "2000"]
[PlyCount "65"]
[EventDate "2009.10.18"]
[EventType "team-tourn"]
[EventRounds "11"]
[EventCountry "CZE"]
[SourceTitle "EXT 2012"]
[Source "ChessBase"]
[SourceDate "2011.11.24"]
[SourceVersion "1"]
[SourceVersionDate "2011.11.24"]
[SourceQuality "1"]
[WhiteTeam "Havirov"]
[BlackTeam "Benesov"]
[WhiteTeamCountry "CZE"]
[BlackTeamCountry "CZE"]

1. d4 d5 2. c4 Nf6 3. cxd5 Nxd5 4. Nf3 e6 5. e4 Nf6 6. Nc3 Bb4 7. Bd3 h6 8. 0-0 Nc6 9. Bf4 0-0 10. Bc2 Nh5 11. Be3 f5 12. exf5 exf5 13. d5 Ne7 14. Bb3 Bd6 15. Nd4 Nf6 16. Ne6 Bxe6 17. dxe6 Kh8 18. h3 a6 19. Qf3 b5 20. Rad1 Qe8 21. Bf4 Bxf4 22. Qxf4 c5 23. Rfe1 Rd8 24. Rxd8 Qxd8 25. Rd1 Qb6 26. Rd6 Qc7 27. Qd2 b4 28. Na4 Ne4 29. Rd7 Qe5 30. Qe3 Ng6 31. f3 Qg3 32. e7 Re8 33. Rd8 1-0

[Event "CZE-chT2F 0910"]
[Site "Czech Republic"]
[Date "2009.11.22"]
[Round "3.7"]
[White "Belka, Lubomir"]
[Black "Vicenec, Roman"]
[Result "1/2-1/2"]
[WhiteElo "2000"]
[BlackElo "2052"]
[PlyCount "49"]
[EventDate "2009.10.18"]
[EventType "team-tourn"]
[EventRounds "11"]
[EventCountry "CZE"]
[SourceTitle "EXT 2012"]
[Source "ChessBase"]
[SourceDate "2011.11.24"]
[SourceVersion "1"]
[SourceVersionDate "2011.11.24"]
[SourceQuality "1"]
[WhiteTeam "Benesov"]
[BlackTeam "Sumperk"]
[WhiteTeamCountry "CZE"]
[BlackTeamCountry "CZE"]

1. e4 c5 2. Nc3 Nc6 3. a3 e6 4. Bc4 Nf6 5. d3 Be7 6. h3 0-0 7. Nf3 d5 8. exd5 exd5 9. Ba2 h6 10. Bf4 Re8 11. 0-0 Be6 12. Re1 Rc8 13. Qd2 Bd6 14. Ne2 d4 15. Bxe6 Rxe6 16. Ng3 Bxf4 17. Qxf4 Rxe1+ 18. Rxe1 Qc7 19. Qh4 Re8 20. Rxe8+ Nxe8 21. Nf5 Ne5 22. Nxe5 Qxe5 23. Qe7 Qxe7 24. Nxe7+ Kf8 25. Nf5 1/2-1/2